• 首页
  • 本馆介绍
  • 公告通知
  • 最新文献
  • 馆藏检索
  • 电子资源
  • 读者导购
  • 参考咨询
  • 我的图书馆
  • 登录
  • 详细信息显示
  • 放入我的书架
  • 预约/预借图书
  • 作者相关作品
  • 分类相关作品
  • 丛书相关作品
  • 出版社相关作品

书目信息

  • 表格格式
  • 工作单格式
  • 卡片格式
题名:
亚索赛事锦囊
    
 
作者: 亚索 , 斯特劳特 著 ;刘瑾青 译
分册:  
出版信息: 杭州   浙江人民出版社  2019
页数: 14,203页
开本: 23cm
丛书名:
单 册:
中图分类: G808.2-49 , G808.2
科图分类:
主题词: 运动竞赛--通俗读物
电子资源:
ISBN: 978-7-213-09316-6
000 01290nam0 2200289 450
001 2354731921
005 20230924151227.05
010    @a978-7-213-09316-6@dCNY69.90
100    @a20190802d2019 em y0chiy50 ea
101 1  @achi@ceng
102    @aCN@b330000
105    @ay z 000yy
200 1  @a亚索赛事锦囊@Aya suo sai shi jin nang@dRace everything@f(美)巴特·亚索(Bart Yasso),(美)埃琳·斯特劳特(Erin Strout)著@g刘瑾青译@zeng
210    @a杭州@c浙江人民出版社@d2019
215    @a14,203页@d23cm
305    @a由Rodale,Inc.授权出版
312    @a书名原文:Race everything: how to conquer any race at any distance in any environment and have fun doing it
330    @a本书共分八部分,内容包括:亚索的训练原则、5公里训练及比赛、10公里训练及比赛、半程马拉松训练及比赛、全程马拉松训练及比赛、超级马拉松训练及比赛、非常规赛事训练及比赛、接力赛和背靠背训练及比赛。
510 1  @aRace everything@ehow to conquer any race at any distance in any environment and have fun doing it@zeng
606 0  @a运动竞赛@j通俗读物
690    @aG808.2-49@v5
690    @aG808.2@v4
701  0 @c(美)@a亚索@Aya suo@c(Yasso, Bart)@4著
701  0 @c(美)@a斯特劳特@Asi te lao te@c(Strout, Erin)@4著
702  0 @a刘瑾青@Aliu jin qing@4译
801  0 @aCN@b安徽时代@c20230923
905    @aBZT@dG808.2@e2
    
    亚索赛事锦囊=Race everything/(美)巴特·亚索(Bart Yasso),(美)埃琳·斯特劳特(Erin Strout)著/刘瑾青译.-杭州:浙江人民出版社,2019
    14,203页;23cm
    
    
    ISBN 978-7-213-09316-6:CNY69.90
    本书共分八部分,内容包括:亚索的训练原则、5公里训练及比赛、10公里训练及比赛、半程马拉松训练及比赛、全程马拉松训练及比赛、超级马拉松训练及比赛、非常规赛事训练及比赛、接力赛和背靠背训练及比赛。
●
相关链接 在五车中查询图书 在当当中查询图书 在豆瓣中查询图书


正题名:亚索赛事锦囊     索取号:G808.2/2         预约/预借

序号 登录号 条形码 馆藏地/架位号 状态 备注
1 2000921557   2000921557   315书库/四8架B面4层1列/ [索取号:G808.2/2] 在馆    
2 2000921558   2000921558   315书库/四8架B面4层1列/ [索取号:G808.2/2] 在馆    
3 2000921559   2000921559   315书库/四8架B面4层1列/ [索取号:G808.2/2] 在馆    
4 2000921560   2000921560   315书库/四8架B面4层1列/ [索取号:G808.2/2] 在馆    
5 2000921561   2000921561   315书库/四8架B面4层1列/ [索取号:G808.2/2] 在馆    
6 2000921562   2000921562   315书库/四8架B面4层1列/ [索取号:G808.2/2] 在馆    
山东省滨州职业学院图书馆 欢迎您!
大连网信软件有限公司© 版权所有